| 000 | 00838nam a2200229 i 4500 | ||
|---|---|---|---|
| 001 | bgj | ||
| 245 | 0 | 0 |
_aOpenings : _boriginal essays by contemporary Soviet and American writers / _cedited by Robert Atwan and Valeri Vinokurov ; Russian essays translated by Dudley Hagen. |
| 260 |
_aSeatle : _bUniversity of Washington Press, _c1990. |
||
| 300 |
_a319 pp : _bmap, ill. ; _c28 cm. |
||
| 651 | 9 |
_aSoviet Union _xSocial life and culture _y1917- |
|
| 651 | 9 |
_aUnited States _xSocial life and culture _y20th century |
|
| 655 | _aAddresses, essays, lectures | ||
| 700 | 1 |
_aATWAN, Robert. _eed. |
|
| 700 | 1 |
_aVINOKUROV, Valeri. _eed. |
|
| 700 | 1 |
_aHAGEN, Dudley. _etrans. |
|
| 020 | _a0295969903 (pbk) | ||
| 040 | _cBPK | ||
| 041 | 1 |
_aeng _hruru |
|
| 920 | _a0-295-96990-3 (pbk) | ||
| 942 | _cKS | ||
| 008 | s uk f |000 0 eng | ||
| 999 |
_c47340 _d47340 |
||
| 856 |
_uhttp://koha.tu.koszalin.pl/cgi-bin/koha/opac-detail.pl?biblionumber=47340 _yKatalog online BPK |
||